[Event "IECG QN.2004.0.00308 email"]
[Site "IECG email"]
[Date "2004.01.20"]
[Round "?"]
[White "Ferrari, Giorgio"]
[Black "Manding, Mark"]
[Result "0-1"]
[WhiteElo "800"]
[BlackElo "800"]
[PlyCount "24"]
[EventDate "2004.01.20"]
[EventType "tourn (corr)"]
[EventRounds "6"]
[SourceTitle "Corr 2008"]
[Source "ChessBase"]
[SourceDate "2008.06.24"]
[SourceVersion "1"]
[SourceVersionDate "2008.06.24"]
[SourceQuality "1"]

1. Nf3 c5 2. c4 g6 3. d4 cxd4 4. Nxd4 Nf6 5. Nc3 Nc6 6. e4 Bg7 7. Be3 0-0 8. Be2 d6 9. 0-0 Nxd4 10. Bxd4 Bd7 11. Qd2 Bc6 12. f3 Nd7 0-1